000 00631nam a2200241Ia 4500
001 42362
005 20240114003501.0
007 ta
008 080623s g b000 u 465 u
040 _aCottonCollege,Assam
041 _a465
082 _a942
_bG 573 H
100 _aGoldsmith, Abridgment .
245 0 _aHstory of England /
_cAbridgment Goldsmith.
_hTextual Documents
250 _aIst ed /
260 _aNew york :
_bC and Carey ,
_c1959.
300 _a433p ;
_c17cm.
653 _aHistory-England
653 _aT/G-History -England
942 _2ddc
_cBK
999 _c42328
_d42328